000 00462nam a2200169Ia 4500
999 _c27518
_d27518
003 OSt
005 20201204093931.0
008 190216s9999||||xx |||||||||||||| ||und||
040 _coclc
082 _a894.8123
_bKHA/M
100 _aKhader, U A
_96773
245 0 _aMrs.Menon /
_cU A Khader
260 _bPoorna Publicaion,
_aKozhikode:
_c2000.
300 _a153p
650 _aNovel
942 _cBK
_2ddc
_h894.8123
_iKHA/M
_k894.8123
_mKHA/M